000 00537nam a22001697a 4500
005 20210926151600.0
037 _aBC_338 47
040 _aBC-ENSA
_bfre
041 _afre
100 _aGLEIZES Claude
245 _aTechnique rurales en afrique
_nVol. 1
_pévaluation des quantités d'eau nécessaires aux irrigations
260 _aFrance
_bCentre de recherche et d'expérimentation du génie rural
_c1968
300 _a170 p.
_bill.
_c27 cm
562 _e2 exemplaire(s)
653 _aIRRIGATION/ÉVAPOTRANSPIRATION/EAU/SOL/
942 _c09
999 _c33645
_d61643